| 000 | 00718cam a2200205Ia 4500 | ||
|---|---|---|---|
| 020 | _a1856491773 (Hb) | ||
| 020 | _a1856491781 (Pb) | ||
| 040 | _cDLM | ||
| 082 | _a338 ZED 1993 A012 Or. | ||
| 245 | 0 | 0 |
_aFacing the challenge : _bresponses to the report of the South Commission / |
| 260 |
_aLondon ; _aAtlantic Highlands, N.J. : _bZed Books, in association with the South Centre, _c1993 |
||
| 300 |
_axiv, 319 p. ; _c23 cm |
||
| 500 | _aTitle of commission's report: The Challenge to the South--P. [xiii] | ||
| 500 | _aAt head of title: The South Centre | ||
| 650 | 0 | _aDemocracy | |
| 650 | 0 | _aInternational cooperation | |
| 700 | 1 | _aNyerere, Julius K. | |
| 710 | 2 | _aSouth Centre (South Commission) | |
| 942 | _cEK | ||
| 999 |
_c14062 _d14062 |
||